000 00473cam a2200193 4500
001 3593513
005 20180216084958.0
008 680301s1968 ilua 000 0 eng
010 _a 68015770
040 _aDLC
_cDLC
_dDLC
041 _aeng
080 _a517
082 0 0 _a517 BAR
100 1 _a36
101 _aMAT
245 0 0 _aCalculus
_c[by] Robert G. Bartle [and] C. Ionescu Tulcea.
906 _a7
_bcbc
_corignew
_du
_encip
_f19
_gy-gencatlg
942 _2ddc
_cBK
999 _c42839
_d42839